Enjoy Bratislava

Bibliographic Details
Format: Journal
Language:English
PhysicalDescription:5 zv. 20 cm
Published: Bratislava Enjoy Bratislava 2005-2009
ISSN:1336-7471
Subjects:

MARC

LEADER 00000cas a2200000 a 4500
001 vtls008849965
003 SK-MaSNL
005 20260425194140.0
008 060928d20052009xo mr p 0 b0eng
022 |a 1336-7471 
040 |a SNK  |b slo  |c SNK  |e AACR2 
041 0 |a eng 
043 |a e-xo--- 
044 |a xo  |c SK 
072 7 |a 316.7  |x Sociológia kultúry. Kultúrny život  |2 konspekt 
080 |a 316.7  |2 2011 
080 |a (437.611)  |2 2011 
080 |a (051)+(054)  |2 2011 
210 0 |a Enjoy  |b (Bratisl.) 
222 0 |a Enjoy  |b (Bratislava) 
245 0 0 |a Enjoy Bratislava 
246 3 3 |a Enjoy Bratislava & Slovakia 
260 |a Bratislava  |b Enjoy Bratislava  |c 2005-2009 
300 |a 5 zv.  |c 20 cm 
310 |a 1x mesačne 
362 0 |a August 2005-March 2009 
500 |a Má svoj pendant: Enjoy Vienna 
500 |a Reg. číslo MK SR: RP 128/2005 
650 0 7 |a kultúra  |2 SNKPH  |9 886 
651 7 |a Bratislava (Slovensko)  |2 SNKPHgeo  |9 14568 
655 7 |a miestne periodiká  |2 SNKPH  |9 160938 
910 |a snk 
999 |c 5151  |d 7081 
952 |t č. aug.-dec.  |a SNK  |b SNK  |y PREZ  |7 0  |p 17A1385870  |o snkČSD 2504/2005  |i snk2019/32635  |8 0  |0 0  |1 0  |4 0  |d 2019-12-30  |l 0  |r 2026-02-21 22:15:38  |w 2026-02-21 
952 |t č. jan.-dec., neúplné  |a SNK  |b SNK  |y PREZ  |7 0  |p 17A1385832  |o snkČSD 2504/2006  |i snk2020/837  |8 0  |z Chýba č. sept.-dec.  |0 0  |1 0  |4 0  |d 2020-01-16  |l 0  |r 2026-02-21 22:22:08  |w 2026-02-21 
952 |t len č. nov.  |a SNK  |b SNK  |y PREZ  |7 0  |p 17A1385831  |o snkČSD 2504/2007  |i snk2020/850  |8 0  |0 0  |1 0  |4 0  |d 2020-01-16  |l 0  |r 2026-02-21 22:22:08  |w 2026-02-21 
952 |t č. jan.-dec., neúplné  |a SNK  |b SNK  |y PREZ  |7 0  |p 17A1385830  |o snkČSD 2504/2008  |i snk2020/852  |8 0  |z Chýba č. mar., máj-sept.  |0 0  |1 0  |4 0  |d 2020-01-16  |l 0  |r 2026-02-21 22:22:08  |w 2026-02-21 
952 |t č. jan.-mar.  |a SNK  |b SNK  |y PREZ  |7 0  |p 17A1385833  |o snkČSD 2504/2009  |i snk2020/853  |8 0  |0 0  |1 0  |4 0  |d 2020-01-16  |l 0  |r 2026-02-21 22:22:08  |w 2026-02-21